000 01569nam0a22003371 4500
001 rc\4516816
005 20250612104922.0
021 _aRU
_b[62-59705]
035 _a(NLR Aleph) 008622657
090 _a8832988
_c8832988
100 _a20130416d1962 |||y0rusy50 ca
101 1 _arus
_cger
102 _aRU
105 _aa b |||||
200 1 _aКатодная защита от коррозии
_e[Сборник статей
_fВвед. В. Видерхольта и Х. Кэше]
_gПер. с нем. М.М. Мельниковой
_gПод общ. ред. В.А. Притула
210 _aМосква
_aЛенинград
_cГосэнергоиздат
_d1962
215 _a254 с.
_cил.
_d20
300 _aВ вып. дан.: Katodischer Korrosionschutz. Weinheim, Verl. chemie. 1959
320 _aСписок литературы по катодной защите от коррозии, начиная с 1950 г. / Сост.: К. Видерхольт и Г. Кэше: с. 224-254, и библиогр. в конце статей
517 0 _aKatodischer Korrosionschutz
606 _aКатодная защита
_jСборники
_2psbo
702 1 _aВидерхольт
_bВ.
_4080
702 1 _aКэше
_bХ.
_4080
702 1 _aМельникова
_bМ.М.
_4730
702 1 _4340
_7ca
_8rus
_aПритула
_bВ. А.
_f1910-1975
_gВсеволод Александрович
_9271662
_3RU\NLR\AUTH\770271718
801 0 _aRU
_bNLR
_gpsbo
801 1 _aRU
_bELAR
_2rusmarc
852 _aNLR
_j62-3/4307
942 _cBOOK
980 _aNB